000 00648nam a2200205Ia 4500
003 GCL
008 140319s9999 xx 000 0 ara d
020 _a1447215977
040 _aGCL /
_cGCL
082 0 4 _a025.34
_bح م
100 1 _aحشمت قاسم
245 1 0 _aمدخل لدراسة التكشيف والاستخلاص /
_cحشمت قاسم
250 _aالاولى
260 _aالقاهرة :
_bدار غريب للطباعة والنشر والتوزيع ،
_c2000
300 _a300 ص ؛
_c24 سم
650 0 4 _aالاستخلاص
650 0 4 _aالفهرسة الموضوعية
650 0 4 _aالتكشيف
942 _2ddc
_cBK
999 _c2709
_d2709